Statistics for Countries Least Similar To Vietnam

Click here to take the quiz!

General Stats

  • This quiz has been taken 23 times
  • The average score is 12 of 21

Answer Stats

RankCountryScore% Correct
1United States43.7
100%
3Canada44.4
95%
17United Kingdom47.2
95%
19Germany47.4
81%
8Norway46.3
81%
9Sweden46.4
76%
6Denmark45.7
71%
5Finland45.6
71%
2Iceland44.1
67%
9Switzerland46.4
67%
4Australia44.9
62%
15Belgium47.0
62%
18Netherlands47.3
62%
7Ireland45.8
57%
12Luxembourg46.8
57%
15New Zealand47.0
43%
20Saudi Arabia47.6
29%
13Niger46.9
10%
11Somalia46.6
10%
20Yemen47.6
10%
13Chad46.9
5%

Score Distribution

Percentile by Number Answered

Percent of People with Each Score

Your Score History

You have not taken this quiz